Εθνικό μουσείο : γενικός οδηγός
Αποθηκεύτηκε σε:
| Κύριος συγγραφέας: | |
|---|---|
| Μορφή: | Βιβλίο |
| Γλώσσα: | Greek |
| Δημοσίευση: |
Αθήνα :
Εκδοτική Αθηνών ,
1990
|
| Θέματα: | |
| Ετικέτες: |
Προσθήκη ετικέτας
Δεν υπάρχουν, Καταχωρήστε ετικέτα πρώτοι!
|
MARC
| LEADER | 00000nam a2200000 i 4500 | ||
|---|---|---|---|
| 001 | 1/87904 | ||
| 008 | 960917s1990 gre d | ||
| 020 | |a 960-213-084-9 | ||
| 035 | |a 1992 |b 3 |c Ανθουλιάς |l 10035361 | ||
| 040 | |a GR-MY-UA |b gre |e aacr | ||
| 041 | 0 | |a gre | |
| 082 | 0 | |a Π 708.9495 | |
| 100 | 1 | |a Καρούζου, Σεμνή. | |
| 245 | 1 | 0 | |a Εθνικό μουσείο : |b γενικός οδηγός / |c Σεμνής Καρούζου |
| 260 | |a Αθήνα : |b Εκδοτική Αθηνών , |c 1990 | ||
| 300 | |a 172 σ. | ||
| 650 | 0 | 0 | |a Art museums |z Greece |z Athens. |
| 852 | |a INST |b RHODES |e 19960917 |h 708.9495 ΚΑΡ |p 005400009705 |q 005400009705 |t REF |y 23 | ||
| 909 | |a Ρ |b 024330 | ||